[Event "SLO-chT Central 23rd"]
[Site "Slovenia"]
[Date "2022.10.06"]
[Round "3.4"]
[White "Erazem, Franc"]
[Black "Sotirov, Slavko"]
[Result "1-0"]
[WhiteElo "1485"]
[BlackElo "1748"]
[PlyCount "35"]
[EventDate "2022.09.15"]
[EventType "team-swiss"]
[EventRounds "9"]
[EventCountry "SLO"]
[SourceTitle "EXT 2024"]
[Source "ChessBase"]
[SourceDate "2023.10.10"]
[SourceVersion "1"]
[SourceVersionDate "2023.10.10"]
[SourceQuality "1"]
[WhiteTeam "Crni Graben"]
[BlackTeam "Visnja Gora Sticna"]
[WhiteTeamCountry "SLO"]
[BlackTeamCountry "SLO"]

1. e4 e5 2. Bc4 Nc6 3. a3 Nf6 4. Nc3 Bc5 5. h3 h6 6. d3 a6 7. Nge2 d6 8. 0-0 Be6 9. Bd5 Bxd5 10. Nxd5 Nxd5 11. exd5 Ne7 12. c4 f5 13. Kh1 g5 14. b4 Ba7 15. Bb2 Ng6 16. d4 e4 17. c5 f4 18. Nc3 1-0

[Event "SLO-chT Central 21st"]
[Site "Slovenia"]
[Date "2020.09.24"]
[Round "2.4"]
[White "Erazem, Franc"]
[Black "Krupenko, Katja"]
[Result "0-1"]
[WhiteElo "1509"]
[BlackElo "1530"]
[PlyCount "86"]
[EventDate "2020.09.17"]
[EventType "team-swiss"]
[EventRounds "5"]
[EventCountry "SLO"]
[SourceTitle "EXT 2024"]
[Source "ChessBase"]
[SourceDate "2023.10.10"]
[SourceVersion "1"]
[SourceVersionDate "2023.10.10"]
[SourceQuality "1"]
[WhiteTeam "Crni Graben"]
[BlackTeam "Trzin Pekos Pub"]
[WhiteTeamCountry "SLO"]
[BlackTeamCountry "SLO"]

1. e4 e5 2. Bc4 Bc5 3. Nc3 Nf6 4. Nge2 Nc6 5. a3 d6 6. h3 0-0 7. d3 h6 8. 0-0 Be6 9. Ba2 a6 10. Kh2 Nd4 11. Nxd4 Bxd4 12. Ne2 Ba7 13. f4 Ng4+ 14. Kh1 Nf2+ 15. Rxf2 Bxf2 16. Qf1 Ba7 17. c4 f5 18. fxe5 fxe4 19. Qd1 dxe5 20. Ng3 exd3 21. b4 Qd4 22. Rb1 e4 23. Bb2 Qe3 24. Kh2 Rae8 25. Bc1 Qd4 26. Bb2 Qd6 27. c5 Qf4 28. Bxe6+ Rxe6 29. Qb3 Rfe8 30. Rf1 Qd2 31. Nxe4 Qc2 32. Qc3 Qxc3 33. Nxc3 c6 34. Bc1 Bb8+ 35. Kg1 Re1 36. Bd2 Rxf1+ 37. Kxf1 g5 38. h4 Bf4 39. Nb1 Bxd2 40. Nxd2 Kg7 41. hxg5 hxg5 42. Nf3 Kg6 43. Kf2 g4 0-1

[Event "Ljubljana-chT 73rd"]
[Site "Ljubljana"]
[Date "2020.01.23"]
[Round "2.4"]
[White "Erazem, Franc"]
[Black "Kutin, Boris"]
[Result "1/2-1/2"]
[WhiteElo "1509"]
[BlackElo "1924"]
[PlyCount "73"]
[EventDate "2020.01.16"]
[EventType "team-swiss"]
[EventRounds "6"]
[EventCountry "SLO"]
[SourceTitle "EXT 2024"]
[Source "ChessBase"]
[SourceDate "2023.10.10"]
[SourceVersion "1"]
[SourceVersionDate "2023.10.10"]
[SourceQuality "1"]
[WhiteTeam "Crni Graben"]
[BlackTeam "Loska Dolina"]
[WhiteTeamCountry "SLO"]
[BlackTeamCountry "SLO"]

1. e4 c6 2. d4 d5 3. e5 Bf5 4. c3 e6 5. Ne2 c5 6. Ng3 Bg6 7. Bb5+ Nc6 8. Bxc6+ bxc6 9. 0-0 Qb6 10. f4 Ne7 11. b3 Nf5 12. Nxf5 Bxf5 13. Be3 Be7 14. g4 Be4 15. Nd2 Bd3 16. Rf2 g6 17. Nf1 Ba6 18. Ng3 cxd4 19. cxd4 Bh4 20. Kg2 Qb5 21. Rc1 Rc8 22. Kh3 Bxg3 23. Kxg3 h5 24. Rfc2 Kd7 25. Rc5 Qd3 26. Qxd3 Bxd3 27. R1c3 Be2 28. g5 Rc7 29. h4 Rb8 30. Kf2 Ba6 31. Ra5 Bc8 32. Ke2 Rb6 33. Rcc5 Rb5 34. Kd2 Rxa5 35. Rxa5 a6 36. Kd3 Rb7 37. a4 1/2-1/2

[Event "Ljubljana-chT 67th"]
[Site "Gostovanja"]
[Date "2014.01.16"]
[Round "2.4"]
[White "Erazem, Franc"]
[Black "Knavs, Peter"]
[Result "1-0"]
[WhiteElo "1572"]
[BlackElo "1500"]
[PlyCount "73"]
[EventDate "2014.01.09"]
[EventType "team-tourn"]
[EventRounds "9"]
[EventCountry "SLO"]
[SourceTitle "EXT 2015"]
[Source "ChessBase"]
[SourceDate "2014.11.20"]
[SourceVersion "1"]
[SourceVersionDate "2014.11.20"]
[SourceQuality "1"]
[WhiteTeam "Crni Graben"]
[BlackTeam "Kocevje"]
[WhiteTeamCountry "SLO"]
[BlackTeamCountry "SLO"]

1. e4 e5 2. Bc4 Nc6 3. a3 Nf6 4. Nc3 Bc5 5. h3 0-0 6. Nge2 d6 7. Na4 Bb6 8. Nxb6 axb6 9. 0-0 Na5 10. Ba2 Nc6 11. f4 Nxe4 12. fxe5 dxe5 13. d3 Nd6 14. Ng3 Kh8 15. Bd5 Ne7 16. Bb3 f5 17. Bg5 h6 18. Qh5 Nf7 19. Bxf7 Bd7 20. Bxh6 Ng8 21. Bg5+ Nh6 22. Bxd8 Raxd8 23. Bg6 Kg8 24. Qe2 f4 25. Ne4 Bf5 26. Bxf5 Nxf5 27. Qg4 Nd4 28. c3 Nc2 29. Qe6+ Kh8 30. Qxe5 Nxa1 31. Rxa1 Rxd3 32. Rf1 Rfd8 33. Rxf4 Rd1+ 34. Kh2 R1d5 35. Qxc7 R5d7 36. Qxb6 Rg8 37. Rh4# 1-0

[Event "SLO-chT Central 2nd League"]
[Site "Slovenia"]
[Date "2010.11.18"]
[Round "9.3"]
[White "Sivic, Joze"]
[Black "Erazem, Franc"]
[Result "1-0"]
[WhiteElo "1629"]
[BlackElo "1664"]
[PlyCount "91"]
[EventDate "2010.09.09"]
[EventType "team-tourn"]
[EventRounds "9"]
[EventCountry "SLO"]
[SourceTitle "EXT 2022"]
[Source "ChessBase"]
[SourceDate "2021.10.06"]
[SourceVersion "1"]
[SourceVersionDate "2021.10.06"]
[SourceQuality "1"]
[WhiteTeam "Podpec Invec"]
[BlackTeam "Duplica Balin"]
[WhiteTeamCountry "SLO"]
[BlackTeamCountry "SLO"]

1. e4 c5 2. f4 e6 3. Nf3 d5 4. e5 Nc6 5. c3 a6 6. d4 Nh6 7. Bd3 Be7 8. 0-0 Nf5 9. Bxf5 exf5 10. Be3 Qb6 11. b3 Be6 12. Nbd2 cxd4 13. Nxd4 Bc5 14. N2f3 h6 15. b4 Bxd4 16. Nxd4 Nxd4 17. Bxd4 Qc6 18. a4 0-0 19. Rf3 Kh7 20. Rg3 Rg8 21. a5 Qe8 22. h4 Qe7 23. Rh3 Rac8 24. h5 Rc4 25. Qb3 g5 26. hxg6+ fxg6 27. Kf2 g5 28. Rah1 Rg6 29. g3 gxf4 30. gxf4 Qg7 31. R1h2 Rc6 32. Qd1 Qd7 33. Qh1 Bf7 34. Bc5 Qe6 35. Bf8 d4 36. Rxh6+ Rxh6 37. Rxh6+ Qxh6 38. Bxh6 Rxh6 39. Qxb7 Kg6 40. cxd4 Bb3 41. Qxa6+ Kh5 42. Qe2+ Kg6 43. Qa6+ Kh5 44. Qc8 Kg4 45. a6 Kxf4 46. Qc1+ 1-0

[Event "SLO-chT Central 2nd League"]
[Site "Slovenia"]
[Date "2010.09.16"]
[Round "2.3"]
[White "Erazem, Franc"]
[Black "Bernik, Alja"]
[Result "0-1"]
[WhiteElo "1664"]
[BlackElo "1690"]
[PlyCount "78"]
[EventDate "2010.09.09"]
[EventType "team-tourn"]
[EventRounds "9"]
[EventCountry "SLO"]
[SourceTitle "EXT 2022"]
[Source "ChessBase"]
[SourceDate "2021.10.06"]
[SourceVersion "1"]
[SourceVersionDate "2021.10.06"]
[SourceQuality "1"]
[WhiteTeam "Duplica Balin"]
[BlackTeam "Komenda Utrdba"]
[WhiteTeamCountry "SLO"]
[BlackTeamCountry "SLO"]

1. e4 e5 2. Nf3 Nc6 3. Bc4 Be7 4. d3 Nf6 5. Bg5 0-0 6. a3 h6 7. Bh4 d6 8. h3 Nh7 9. Bxe7 Qxe7 10. Nc3 Kh8 11. Nd5 Qd8 12. 0-0 Ne7 13. Nxe7 Qxe7 14. Nh2 f5 15. exf5 Bxf5 16. Qe2 Qf6 17. Bd5 c6 18. Be4 Ng5 19. Bxf5 Qxf5 20. Qe3 Ne6 21. Rae1 Nd4 22. Qd2 Qg6 23. Re4 Ne6 24. Rg4 Qh5 25. Qd1 Rf4 26. Rg3 Qf5 27. c3 Rf8 28. Qe2 Ng5 29. Rg4 Rxg4 30. Nxg4 Ne6 31. Ne3 Nf4 32. Qd2 Qxd3 33. Qxd3 Nxd3 34. Rd1 Nxb2 35. Rxd6 Rf7 36. Re6 Nd3 37. f3 Kg8 38. Kf1 Kf8 39. Ke2 Nf4+ 0-1

[Event "SLO-chT Central 2nd League"]
[Site "Slovenia"]
[Date "2010.09.13"]
[Round "1.4"]
[White "Erazem, Franc"]
[Black "Sansoni, Vojko"]
[Result "0-1"]
[WhiteElo "1664"]
[BlackElo "1525"]
[PlyCount "86"]
[EventDate "2010.09.09"]
[EventType "team-tourn"]
[EventRounds "9"]
[EventCountry "SLO"]
[SourceTitle "EXT 2022"]
[Source "ChessBase"]
[SourceDate "2021.10.06"]
[SourceVersion "1"]
[SourceVersionDate "2021.10.06"]
[SourceQuality "1"]
[WhiteTeam "Duplica Balin"]
[BlackTeam "Podpec Prigo"]
[WhiteTeamCountry "SLO"]
[BlackTeamCountry "SLO"]

1. e4 e5 2. Bc4 d6 3. Nc3 Nf6 4. d3 h6 5. f4 exf4 6. Bxf4 Nc6 7. a3 Bd7 8. Nge2 Ne5 9. Bb3 Qe7 10. Nd5 Nxd5 11. Bxd5 c6 12. Bb3 Be6 13. Bxe5 dxe5 14. Bxe6 Qxe6 15. Ng3 Bc5 16. Nf5 0-0-0 17. Qe2 g6 18. Ne3 Kb8 19. 0-0 f5 20. Kh1 f4 21. Nc4 h5 22. c3 g5 23. b4 Bd6 24. Rab1 g4 25. a4 Rh7 26. d4 exd4 27. cxd4 Bc7 28. e5 Rxd4 29. Rbc1 Rf7 30. Rfd1 Rxd1+ 31. Rxd1 f3 32. Qe4 f2 33. Rf1 b5 34. Na5 Bxa5 35. bxa5 bxa4 36. Qxa4 Kc7 37. Qd4 Kb8 38. a6 Qd5 39. Qxd5 cxd5 40. g3 Kc7 41. Kg2 Kd7 42. Rxf2 Rxf2+ 43. Kxf2 Ke6 0-1

[Event "Ljubljana-chT 62nd 2nd League"]
[Site "Ljubljana"]
[Date "2009.03.05"]
[Round "8.4"]
[White "Erazem, Franc"]
[Black "Cijan, Alojz"]
[Result "1/2-1/2"]
[WhiteElo "1680"]
[BlackElo "1732"]
[PlyCount "22"]
[EventDate "2009.01.08"]
[EventType "team-tourn"]
[EventRounds "9"]
[EventCountry "SLO"]
[SourceTitle "EXT 2022"]
[Source "ChessBase"]
[SourceDate "2021.10.06"]
[SourceVersion "1"]
[SourceVersionDate "2021.10.06"]
[SourceQuality "1"]
[WhiteTeam "Kamnik DU"]
[BlackTeam "Crni Graben"]
[WhiteTeamCountry "SLO"]
[BlackTeamCountry "SLO"]

1. d4 Nf6 2. c4 e6 3. Nf3 d5 4. Nc3 c5 5. cxd5 cxd4 6. Qa4+ Nbd7 7. Nxd4 Nxd5 8. Nxd5 exd5 9. g3 Qb6 10. Bd2 Bc5 11. Bc3 0-0 1/2-1/2

[Event "Ljubljana-chT 62nd 2nd League"]
[Site "Ljubljana"]
[Date "2009.01.08"]
[Round "1.3"]
[White "Kocmur, Boris"]
[Black "Erazem, Franc"]
[Result "0-1"]
[WhiteElo "1782"]
[BlackElo "1680"]
[PlyCount "104"]
[EventDate "2009.01.08"]
[EventType "team-tourn"]
[EventRounds "9"]
[EventCountry "SLO"]
[SourceTitle "EXT 2022"]
[Source "ChessBase"]
[SourceDate "2021.10.06"]
[SourceVersion "1"]
[SourceVersionDate "2021.10.06"]
[SourceQuality "1"]
[WhiteTeam "Visnja Gora Sticna II"]
[BlackTeam "Kamnik DU"]
[WhiteTeamCountry "SLO"]
[BlackTeamCountry "SLO"]

1. d4 Nf6 2. c4 c6 3. Nc3 e6 4. Nf3 Bb4 5. Bd2 d5 6. cxd5 exd5 7. a3 Bxc3 8. Bxc3 0-0 9. Qc2 Ne4 10. e3 Bg4 11. Bd3 Nf6 12. Ne5 Bh5 13. Bb4 Re8 14. g4 Bg6 15. h4 Bxd3 16. Qxd3 Nbd7 17. Qf5 Nxe5 18. dxe5 Ne4 19. Qf4 c5 20. Bc3 Nxc3 21. bxc3 Qc7 22. Qa4 Qxe5 23. 0-0 Qe4 24. Qd7 Re7 25. Qf5 Qxf5 26. gxf5 Re5 27. f6 gxf6 28. Rad1 Rh5 29. Kg2 c4 30. Kg3 Re8 31. Kg4 Rhe5 32. f4 h5+ 33. Kf3 Rxe3+ 34. Kg2 Rxc3 35. Rxd5 Re2+ 36. Rf2 Rxf2+ 37. Kxf2 Rxa3 38. Rxh5 a6 39. Rc5 b5 40. h5 Kg7 41. Ke2 Rb3 42. Kd2 a5 43. Rc6 a4 44. h6+ Kxh6 45. Rxf6+ Kg7 46. Ra6 a3 47. f5 f6 48. Kc2 b4 49. Ra7+ Kh6 50. Ra6 Rf3 51. Rc6 b3+ 52. Kd2 a2 0-1